000 00979nam a22002537a 4500
005 20170124103049.0
010 _aA-160684
020 _c25.00
035 _aA-160684
037 _bCen Lib/Ret
040 _aDPL
_bHN
082 _a
_bअंसल
100 _aअंसल, कुसुम
_970082
245 _aपते बदलते हैं /
_cकुसुम अंसल
246 _aPate badalte hain /
_bby Kusum Ansal
260 _aनई दिल्ली
_bअभिव्यंजना
_c1983
270 _a109/48, पंजाबी बाग
_bनई दिल्ली
_e110026
300 _a118पृ.
_c20सेमी (सजिल्द)
650 _a हिन्दी साहित्य
_970083
650 _a हिन्दी साहित्य --लघु कथाएँ
_954925
650 _aHindi literature
_970084
650 _aHindi literature --Short Stories
_970085
942 _2ddc
_cHN
_h
_mअंसल
999 _c117100
_d117100